| 000 | 00627nam a2200193 a 4500 | ||
|---|---|---|---|
| 005 | 20210223124618.0 | ||
| 008 | 020514s1995 mx r 000 0 spa d | ||
| 020 | _a968496305X | ||
| 035 | _aUPN01000117323 | ||
| 049 | _aSEP | ||
| 050 | 4 |
_aJL1229 S4 _bB5.3 |
|
| 100 | 1 | _aBlanco, Mercedes | |
| 245 | 1 | 0 |
_aEmpleo público en la administración central mexicana : _bevolución y tendencias (1920-1988) / _cMercedes Blanco. |
| 260 |
_aMéxico : _bSEP : _bCIESAS, _c1995. |
||
| 300 |
_a144 p. : _bcuadros |
||
| 440 | 0 | _aMiguel Othón de Mendizábal | |
| 651 | 4 |
_aMEXICO - _xFUNCIONARIOS Y EMPLEADOS PUBLICOS _917494 |
|
| 905 | _aLibro | ||
| 999 |
_c89860 _d89860 |
||